Rappeurs français - Statistiques

Statistiques générales
  • Ce quiz a été pris 2 711 fois
    2 667 depuis la dernière actualisation
  • Le résultat moyen est 52 sur 462
Statistiques - réponses
Première lettre Réponses % Correct
T The S
84%
B Booba
78%
J Jul
77%
N Ninho
75%
K Kaaris
70%
P PNL
70%
D Damso
69%
S SCH
69%
L La F
68%
P PLK
67%
N Niska
65%
K Koba LaD
62%
N Nekfeu
62%
G Gazo
55%
N Naps
55%
Z Zola
52%
A Alonzo
50%
F Freeze Corleone
50%
L La B
50%
L Leto
50%
O Orelsan
50%
K Kalash
49%
V Vald
49%
A Alpha Wann
48%
H Hamza
48%
M Maes
48%
R RK
47%
L Lacrim
46%
R Rim'k
46%
T Tiakola
45%
K Kalash Criminel
44%
1 1PLIKE140
43%
D Dinos
42%
L Lomepal
42%
S Soso Maness
42%
S SDM
41%
S Sofiane
41%
Z Ziak
41%
H Heuss L'enfoire
40%
I Iam
40%
L La Fouine
40%
B Black M
38%
J Josman
37%
S Soprano
37%
4 4Keus
36%
D Dadju
36%
D DA Uzi
36%
G Gradur
36%
N Niro
36%
G Gambi
35%
L Laylow
35%
N NTM
35%
R Rohff
35%
A As
34%
1 13 Block
33%
A Alkpote
33%
M Mister V
33%
K Kofs
32%
L Larry
32%
Z Zkr
32%
L Lefa
31%
J Jok'air
30%
U Uzi
30%
M MHD
29%
M Mister You
29%
M Moh
29%
H Hornet La Frappe
28%
N Naza
28%
O OBOY
28%
S Soolking
28%
T Timal
28%
A Ashe 22
27%
D Djadja & Dinaz
27%
M Moha
27%
N Nepal
27%
S Sadek
27%
Z Zed
27%
D Dosseh
26%
D DTF
26%
L Lorenzo
26%
L Luv Resval
26%
R Romeo Elvis
26%
A Akhenaton
25%
E Elams
25%
G Guizmo
25%
G Guy2Bezbar
25%
H Hatik
25%
L L'algerino
25%
Y YL
25%
A Ademo
23%
B Bosh
22%
F Fave
22%
I ISK
22%
M MMZ
22%
B Bolemvn
21%
M Moha La Squale
21%
N N.O.S
21%
L Landy
20%
M Menace Santana
20%
B Benab
19%
G Gambino
19%
K Kery James
19%
S S.Pri Noir
19%
Y Youss
19%
B Bramsito
18%
F Franglish
18%
L Lino
18%
O Oxmo Puccino
18%
Y Youssoupha
18%
G GLK
17%
G Green Montana
17%
J Jazzy Bazz
17%
K Kekra
17%
M MC Solaar
17%
M Medine
17%
M Mig
17%
S Sasso
17%
J Joeystarr
16%
K Kodes
16%
F Fresh La Douille
15%
K Keblack
15%
L Lartiste
15%
L Le Rat Luciano
15%
B Brulux
14%
H Hugo TSR
14%
K Kaza
14%
O Osirus Jack
14%
S S-Crew
14%
S Seth Gueko
14%
S Shotas
14%
Z Zamdane
14%
G Georgio
13%
R Remy
13%
S SNIPER
13%
S Stavo
13%
A Alpha 5.20
12%
B Bigflo & Oli
12%
1 100 Blaze
11%
D Deen Burbigo
11%
K Kanoe
11%
L L'allemand
11%
M Mac Tyer
11%
S Siboy
11%
4 47Ter
10%
L Liim's
10%
M Maska
10%
N Nahir
10%
S Shurik'n
10%
S Sinik
10%
T TK
10%
T Tunisiano
10%
Y Yaro
10%
A Ateyaba
9%
G Gambino LaMG
9%
H Hayce Lemsi
9%
H Houari
9%
K Kool Shen
9%
L L2B
9%
C Chily
8%
F Frenetik
8%
K Kpri
8%
S Salif
8%
S Solda
8%
Y Youv Dee
8%
A AP
7%
C Caballero & Jeanjass
7%
C Cheu-B
7%
D Diddi Trix
7%
K KR
7%
P Psy 4 De La Rime
7%
A Aketo
6%
D Dimeh
6%
D Dinor RDT
6%
F F430
6%
H Hos Copperfield
6%
J JSX
6%
K Key Largo
6%
K Kpoint
6%
M Madrane
6%
Q Q.E Favelas
6%
S Sifax
6%
W Walid
6%
X XVBarbar
6%
Z Zeguerre
6%
Z Zikxo
6%
A Aladin 135
5%
B Brvmsoo
5%
C Chicaille Argente
5%
D Dabs
5%
F Fababy
5%
F Fonky Family
5%
H HK
5%
J J9ueve
5%
K Kepler
5%
M Moha K
5%
M Moko
5%
M Mokobe
5%
N Negrito
5%
O OldPee
5%
Z Zefor
5%
B Blacko
4%
D DENZO
4%
D Dry
4%
G Graya
4%
H Hooss
4%
I ICO
4%
N Norsacce Berlusconni
4%
S SAM'S
4%
S S-Pion
4%
S Sultan
4%
V Vincenzo
4%
A AM La Scampia
3%
B Bne
3%
D Davodka
3%
F Fel
3%
G Gips
3%
J JR O Crom
3%
K Kamikaz
3%
K Keusty
3%
L La MG
3%
L Lazer
3%
M Mehdi YZ
3%
M Moubarak
3%
N Nakry
3%
P Phaph
3%
S Saf
3%
S SLK
3%
T Tiitof
3%
T Tsew The Kid
3%
# #31#
2%
A Anas
2%
B Bu$hi
2%
B Busta Flex
2%
C Canardo
2%
C Captain Roshi
2%
C CG6
2%
C Cinco
2%
D Dadinho
2%
D Dehmo
2%
D Demon One
2%
D Doomams
2%
G Ghetto Phenomene
2%
H Hache-P
2%
J JKSN
2%
J Junior Bvndo
2%
K Kaneki
2%
K Kobo
2%
K Koffi Lossa
2%
L Lord Esperanza
2%
M MALTY 2BZ
2%
P Pirate
2%
P Popey
2%
P Prototype
2%
R RKM
2%
T Thabiti
2%
T Tisco
2%
W Waiv
2%
2 2zg
1%
A A-Deal
1%
A Alivor
1%
B Badjer
1%
B Bil-K
1%
B Bilouki
1%
B Brk
1%
C Coyote Jo Bastard
1%
D D.Ace
1%
D Daz
1%
D Dibson
1%
D Dika
1%
D DK
1%
D Don Choa
1%
D Dwen
1%
E Enfants Terribles
1%
F Fahar
1%
F Freeman
1%
G Gianni
1%
G Gotti Maras
1%
G Gus
1%
I Ikaz Boi
1%
J Jet
1%
J Jnr Slice
1%
K Kaflo
1%
K Kara
1%
K Karlito
1%
K KLN93
1%
K Krilino
1%
L LACRAPS
1%
L La Crapule
1%
L Larse
1%
L Lossa2Squa
1%
M Many
1%
M Mattke
1%
M MDH
1%
M MERYL
1%
M Mous-K
1%
M Mussy
1%
N Nesko
1%
N Noname
1%
N N'seven7
1%
O Ohmondieusalva
1%
P Pins
1%
R Reda
1%
R Redk
1%
R RTI
1%
S Saamou Skuu
1%
S Sat l'Artificier
1%
S Selim du 9.4
1%
S Sensei
1%
S SenSey'
1%
S SKG
1%
S Sysa
1%
T T2R
1%
T Take a Mic
1%
T Todd
1%
T Trafiquinte
1%
T Trixxo
1%
V Veazy
1%
Y Ykm
1%
Z Zbig
1%
2 2.4 Secteur
0%
2 2Bang
0%
2 2viz
0%
4 4DV
0%
A Adil
0%
B Bando
0%
B Bangiz
0%
B Banguiz
0%
B Bigor
0%
B Biscuit
0%
B BKL
0%
B BKR
0%
B BLV Mafia
0%
B B-Nom
0%
B Boss One
0%
B Bouska
0%
B Boydy Bandit
0%
B Bylk
0%
C Carlito
0%
C Chinois
0%
C Cirfa
0%
C Comar
0%
D DadiLaPeuf
0%
D Daiss
0%
D Darius
0%
D Decimo
0%
D Dex
0%
D Diaxal
0%
D Dicidens
0%
D Digba
0%
D Dinero
0%
D DIV
0%
D Djalito
0%
D Djeffi Jack
0%
D Djiha
0%
D Doks
0%
D DoubleKutt
0%
D Drime
0%
D DZ Inconnito
0%
E Elso
0%
E Enzo from the block
0%
F Falcko
0%
F Flasko
0%
F Foulek
0%
F Friz
0%
G GDZ
0%
G Grizzly
0%
G Gueule D'Ange
0%
H Harley
0%
H Houzairou
0%
H Hvmany
0%
I Iki
0%
I Ivory
0%
J J2lasteu
0%
J Jessy Money
0%
J Johnson
0%
J Juicy P
0%
J Ju.Jet7
0%
J Jusas
0%
K Kader Diaby 4Real
0%
K Kamzi
0%
K Kanes
0%
K Kazmi
0%
K KenedyMla
0%
K Keuchei
0%
K Kingzer
0%
K KML
0%
K Kolo
0%
K Komar
0%
L La Malfrappe
0%
L L'Antidote LaFamille
0%
L La Peee
0%
L LASCO
0%
L Lassana Toure
0%
L LAZZIO
0%
L Le Dak
0%
L Le Juiice
0%
L Lemon Haze
0%
L Lil Jahson
0%
L Linty
0%
L L.I.O. Pétrodollars
0%
L Lossa 6
0%
M Mac Box
0%
M Malkom
0%
M Maly Sky
0%
M Manu Key
0%
M Maronx
0%
M Mazoo
0%
M Menzo
0%
M Microbe
0%
M Minkos
0%
M Minus
0%
M Misu Na Misu
0%
M Mombi
0%
M Mom's
0%
M Moz
0%
M MS 13
0%
N Naimo
0%
N Nanke
0%
N Nash KSLD
0%
N NKD
0%
N Noirmate
0%
O OGB
0%
O Oumar
0%
O Oums la S
0%
O Oussagaza
0%
P Paolo
0%
P Pekenio
0%
P Poulaxe
0%
R Razor
0%
R RBK
0%
R Renard
0%
R RH Las
0%
R Riane
0%
R Rimo
0%
R Rocco
0%
R Roms
0%
R RORO LA MEUTE
0%
S Sagax
0%
S Saidou Zitoumbi
0%
S Saleem
0%
S Sauzer
0%
S SDZ
0%
S Secri IXV
0%
S Secteur P
0%
S Sheyrine
0%
S Sik2s
0%
S Sizlac
0%
S Skodri
0%
S Sky
0%
S Soyeur
0%
S Stone Black
0%
T T99
0%
T TDA
0%
T Tonyno
0%
T Tvmo
0%
T twinsmatic
0%
V VGTA
0%
V VVES
0%
W Waka
0%
Y Yanoh
0%
Y Youzi
0%
Z Zelo
0%
Aucun quiz correspondant
Distribution des résultats
% des personnes avec chaque résultat
Percentile par nombre de réponses
Votre historique - résultats
Vous n’avez pas pris ce quiz depuis la dernière actualisation